000 00606nam a2200181Ia 4500
003 GCL
008 140319s9999 xx 000 0 ara d
040 _aGCL /
_cGCL
082 0 4 _a658.407
_bم م
245 1 0 _aمهارات ادارة الاداء:PERFORMANCE MANAGEMENT SKILLS معايير وتطبيقات الجودة فى الاداء
300 _a166 ص
490 _aمجموعة مهارات تطوير الاداء
_v0
650 0 4 _aادارة الاعمال
650 0 4 _aالادارة
650 0 4 _aادارة الافراد
650 0 4 _aالقيادة الادارية
942 _2ddc
_cBK
999 _c49699
_d49699